000 00508nam a2200181Ia 4500
008 151018s9999 xx 000 0 und d
082 _bRBASDV10412
_a891.463
100 _aग रा टिकेकर
245 _aशिकारी
250 _b1
260 _bसुनीता वितरण
_c1974
300 _a330
600 _aग रा टिकेकर
630 _aशिकारी
700 _aग रा टिकेकर
730 _aशिकारी
942 _cBOOK
999 _c1012772
_d1012769